|
|
|
|
| LEADER |
00615nta a2200157 i 4500 |
| 001 |
dipl78764 |
| 005 |
20200623113809.0 |
| 008 |
190716s1985 hu om 0|| hun d |
| 040 |
|
|
|a SZTE Diploma Repozitórium
|b hun
|
| 041 |
|
|
|a hun
|
| 100 |
1 |
|
|a Barta Imréné
|
| 245 |
1 |
3 |
|a Az audio-vizuális technikai eszközök alkalmazásának lehetőségei a tananyag feldolgozásában és elsajátításában
|h [elektronikus dokumentum] /
|c Imréné Barta
|
| 260 |
|
|
|c 1985
|
| 650 |
|
4 |
|a Pedagógusképzés
|
| 700 |
1 |
|
|a Héjjas Endre
|e ths
|
| 856 |
4 |
0 |
|u http://diploma.bibl.u-szeged.hu/id/eprint/78764/1/1985_barta_imrene.pdf
|z Dokumentum-elérés
|